Hacia una compra pb︢lica responsable y sostenible Novedades principales de la Ley de contratos del sector pb︢lico 9/2017 /

Bibliographic Details
Main Author: Moreno Molina, Jos ̌Antonio
Format: eBook
Language:Spanish
Published: Madrid: Instituto Nacional de Administracin̤ Pb︢lica (INAP), 2018
Subjects:
Online Access:Acceso restringido

MARC

LEADER 00000nam a22000007a 4500
005 20190404121151.0
007 cr|||| ||||
008 190404s2018 es |||||s|||| 00||0 spa d
020 |a 978-84-7351-660-0 
035 |a 23118 
040 |a vLex 
090 |c 8555  |d 8555 
100 1 |a Moreno Molina, Jos ̌Antonio 
245 1 0 |a Hacia una compra pb︢lica responsable y sostenible  |h [Recurso electrn̤ico] :  |b Novedades principales de la Ley de contratos del sector pb︢lico 9/2017 /  |c Jos ̌Antonio Moreno Molina 
256 |a Servicio en ln̕ea 
260 |a Madrid:  |b Instituto Nacional de Administracin̤ Pb︢lica (INAP),  |c 2018 
300 |a 1 recurso electrn̤ico 
506 1 |a Disponible solo en los productos indicados  |d vLex Global  |d vLex Global (Academic Edition, excluding Law Schools)  |d vLex Global (U.S. Academic Edition, Law Schools)  |d vLex Global (U.S. Academic Edition, excluding Law Schools)  |d vLex Global (Academic Edition, Law Schools) 
650 0 4 |a Contratacin̤ administrativa  |z Espaą 
740 0 |a vLex Libros (Servicio en ln̕ea) 
856 4 0 |u http://vlex.com/source/hacia-una-compra-publica-responsable-y-sostenible-novedades-principales-de-la-ley-de-contratos-del-sector-publico-9-2017-23118  |z Acceso restringido 
942 |c BOOK 
999 0 |a Administrative contracting